000 00662nam a2200241Ia 4500
003 OSt
005 20221006143030.0
006 a|||||r|||| 00| 0
007 ta
008 221006b |||||||| |||| 00| 0 eng d
020 _c
_4.00
024 _a7,851
037 _cTextual
040 _aEASL
_cEASL
_beng
041 _2eng
_aeng
082 _aAF42v.M64, M64
100 _aKAWANO Kenji
_9649003
245 0 _aScience and technology in Japanese history
_b University and society
260 _aKyoto
_bKyoto University
_c1980
300 _a10p.
_ccm.
942 _hAF42v.M64, M64
_cTEXL
_2CC
999 _c1075937
_d1075937